Estadios Fútbol Europa - Estadísticas

Estadísticas generales
  • Esta prueba ha sido intentada 39 veces
  • La puntuación promedio es 5 de 75
Estadísticas de respuestas
Hint Respuesta % Correcto
Benfica Estadio da Luz
88%
Oporto Do Dragao
79%
Sporting Club de Portugal Jose Alvalade
41%
Dinamo Tiflis Boris Paichadze Estadio
35%
Ajax Amsterdam Arena
32%
Celtic Celtic Park
29%
Feyenoord De Kuip
26%
RB Salzburg Red Bull Arena
18%
Rangers IBROX Stadium
15%
Kobenhavn Parken
9%
PSV Philips Stadion
9%
FCSB Arena Nationala
6%
Shakhtar Donetsk Donbass Arena
6%
Zenit Gazprom Arena
6%
Rubin Kazan Kazan Arena
6%
Braga Municipal de Braga
6%
Panathinaikos Olimpico de Atenas
6%
Dynamo Kiev Olimpico de Kiev
6%
PAOK Tumba
6%
Lechia Gdansk Arena Gdansk
3%
Krasnodar Estadio Krasnodar
3%
AIK Friends Arena
3%
Olympiacos Georgios Karaiskakis
3%
Ferencvaros Groupama Arena
3%
Club Brugge Jan Breydel
3%
Dinamo Zagreb Maksimir
3%
Sturm Graz Merkur Arena
3%
Lech Poznan Municipal de Poznan
3%
Qarabag Olimpico de Baku
3%
Estrella Roja Rajko Mitic
3%
Galatasaray RAMS Park
3%
Union Saint Gilloise Rey Balduino
3%
FC Rostov Rostov Arena
3%
Sheriff Tiraspol Sheriff Sports Complex
3%
Young Boys Stade de Suisse
3%
Basilea St Jakob Park
3%
Fenerbahce Ulker Stadium
3%
Besiktas Vodafone Park
3%
AZ AFAS Stadion
0%
AEK Athens Agia Sofia
0%
Molde Aker Stadion
0%
Rapid Viena Allianz Stadion
0%
CSKA Moscow Arena CSKA
0%
Bodo Glimt Aspmyra Stadion
0%
Astana Astana Arena
0%
Maccabi Tel Aviv Bloomfield
0%
HJK Helsinki Bolt Arena
0%
BATE Borisov Borisov Arena
0%
Genk Cegeka Arena
0%
Lugano Comunale di Cornaredo
0%
Cluj Constantin Radulescu
0%
Vitoria Guimaraes Dom Afonso Henriques
0%
Viktoria Plzen Doosan Arena
0%
Slavia Praga Eden Arena
0%
Malmo Eleda Stadion
0%
Dinamo Minsk Estadio Dinamo
0%
Legia Varsovia Estadio Ejercito Polaco
0%
Apoel Estadio GSP
0%
Omonia Nicosia Estadio GSP
0%
Sparta Moscow Estadio Spartak
0%
Istanbul Basaksehir Fatih Terim
0%
Sparta Praga Generali Arena
0%
Twente Grolsch Veste
0%
Flora Tallin Le Coq Arena
0%
Rosenborg Lerkendal Stadion
0%
Zurich Letzigrund
0%
Anderlecht Lotto Park
0%
Ludogorets Ludogorets Arena
0%
Midtjylland MCH Arena
0%
Gent Planet Group Arena
0%
LASK Raiffeisen Arena
0%
Slovan Bratislava Tehelne Pole
0%
Djurgarden Tele2 Arena
0%
Bursaspor Timsah Arena
0%
Goteborg Ullevi
0%
No se encontraron pruebas coincidentes
Distribución de puntuación
Porcentaje de gente con cada puntuación
Porcentaje por número respondido
Historial de tus puntuaciones
No has intentado esta prueba.